Asian Capitals - Sudden Death - Statistics

General Stats
  • This quiz has been taken 358 times
  • The average score is 14 of 20
Answers on the Grid
Answers color-coded by a green-red scale on the quiz's grid according to % correct below.
Aleppo
Almaty
Amman
Ankara
Baghdad
Baku
Bishkek
Dhaka
Dili
Dubai
Dushanbe
Istanbul
Karachi
Kathmandu
Malé
Manila
Mumbai
Naypyidaw
Ngerulmud
Pyongyang
Riyadh
Sana'a
Sapporo
Seoul
Shanghai
Tehran
Tokyo
Ulaanbaatar
Vientiane
Yangon
 
Answer Stats
Answer % Correct
Baghdad
85%
Ankara
83%
Baku
81%
Amman
78%
Dhaka
77%
Tokyo
72%
Manila
71%
Seoul
71%
Tehran
71%
Bishkek
69%
Kathmandu
69%
Dili
68%
Pyongyang
67%
Riyadh
67%
Dushanbe
64%
Ulaanbaatar
64%
Malé
59%
Sana'a
58%
Naypyidaw
56%
Vientiane
55%
No matching quizzes found
Score Distribution
Percent of People with Each Score
Percentile by Number Answered
Your Score History
You have not taken this quiz